| 000 | 00678cab a2200217 4500 | ||
|---|---|---|---|
| 001 | ABS46175 | ||
| 008 | 090401t1992 xxu||||| |||| 00| 0 eng d | ||
| 035 | _a(Sirsi) u57061 | ||
| 041 | _aeng | ||
| 100 | _aBurton, I. | ||
| 245 | _aChallenging times | ||
| 260 | _c1992 | ||
| 350 | _a0 | ||
| 490 |
_aPlanning (for the Natural and Built Environment) _v(958) 6 March 1992, 15(1) |
||
| 520 | _aLooks at some proposals being prepared by local authorities in response to the 1992 City Challenge, including south Poplar, Bristol, Hull and Bolton MBC. | ||
| 650 | _aCITY CHALLENGE | ||
| 650 | _aTOWER HAMLETS | ||
| 690 | _aURBAN RENEWAL | ||
| 942 | _n0 | ||
| 948 | _c04/03/1997 | ||
| 999 |
_c34788 _d34788 |
||